<?xml version="1.0" encoding="UTF-8"?>
<collection xmlns="http://www.loc.gov/MARC21/slim">
 <record>
  <leader>02169nam a2200337 a 4500</leader>
  <controlfield tag="001">708542</controlfield>
  <controlfield tag="008">090511r20031998    nyua     b    001 0 eng d</controlfield>
  <datafield tag="010" ind1=" " ind2=" ">
   <subfield code="a">\\\97019408 </subfield>
  </datafield>
  <datafield tag="020" ind1=" " ind2=" ">
   <subfield code="a">0070010692</subfield>
  </datafield>
  <datafield tag="020" ind1=" " ind2=" ">
   <subfield code="a">0070483906</subfield>
  </datafield>
  <datafield tag="040" ind1=" " ind2=" ">
   <subfield code="a">DLC</subfield>
   <subfield code="c">DLC</subfield>
   <subfield code="d">DLC</subfield>
  </datafield>
  <datafield tag="082" ind1="0" ind2="0">
   <subfield code="a">621.387</subfield>
   <subfield code="2">21</subfield>
  </datafield>
  <datafield tag="100" ind1="1" ind2=" ">
   <subfield code="a">Ali, Syed Riffat.</subfield>
  </datafield>
  <datafield tag="245" ind1="1" ind2="0">
   <subfield code="a">Digital switching systems :</subfield>
   <subfield code="b">system reliability and analysis /</subfield>
   <subfield code="c">Syed Riffat Ali.</subfield>
  </datafield>
  <datafield tag="260" ind1=" " ind2=" ">
   <subfield code="a">New Delhi :</subfield>
   <subfield code="b">Tata McGraw-Hill ;</subfield>
   <subfield code="a">New York :</subfield>
   <subfield code="b">McGraw-Hill,</subfield>
   <subfield code="c">c1998.</subfield>
  </datafield>
  <datafield tag="300" ind1=" " ind2=" ">
   <subfield code="a">xv, 217 p. :</subfield>
   <subfield code="b">ill. ;</subfield>
   <subfield code="c">24 cm.</subfield>
  </datafield>
  <datafield tag="504" ind1=" " ind2=" ">
   <subfield code="a">Includes bibliographical references and index.</subfield>
  </datafield>
  <datafield tag="541" ind1="1" ind2=" ">
   <subfield code="e">00013853</subfield>
  </datafield>
  <datafield tag="650" ind1=" " ind2="0">
   <subfield code="a">Telephone switching systems, Electronic</subfield>
   <subfield code="x">Reliability.</subfield>
  </datafield>
  <datafield tag="650" ind1=" " ind2="0">
   <subfield code="a">Digital telephone systems</subfield>
   <subfield code="x">Reliability.</subfield>
  </datafield>
  <datafield tag="650" ind1=" " ind2="0">
   <subfield code="a">System analysis.</subfield>
  </datafield>
  <datafield tag="852" ind1="4" ind2=" ">
   <subfield code="a">Ayesha Abed Library</subfield>
   <subfield code="j">Generalshelf</subfield>
  </datafield>
  <datafield tag="999" ind1=" " ind2=" ">
   <subfield code="c">545</subfield>
   <subfield code="d">545</subfield>
  </datafield>
  <datafield tag="952" ind1=" " ind2=" ">
   <subfield code="0">0</subfield>
   <subfield code="1">4</subfield>
   <subfield code="2">ddc</subfield>
   <subfield code="4">0</subfield>
   <subfield code="6">621_387000000000000_ALI</subfield>
   <subfield code="7">0</subfield>
   <subfield code="9">495</subfield>
   <subfield code="a">BRACUL</subfield>
   <subfield code="b">BRACUL</subfield>
   <subfield code="c">GEN</subfield>
   <subfield code="d">2009-05-11</subfield>
   <subfield code="l">0</subfield>
   <subfield code="o">621.387 ALI</subfield>
   <subfield code="p">3010013853</subfield>
   <subfield code="r">2009-05-11</subfield>
   <subfield code="t">1</subfield>
   <subfield code="w">2009-05-11</subfield>
   <subfield code="y">BK</subfield>
   <subfield code="x">Koha Inventory 2020</subfield>
  </datafield>
  <datafield tag="952" ind1=" " ind2=" ">
   <subfield code="0">0</subfield>
   <subfield code="1">0</subfield>
   <subfield code="2">ddc</subfield>
   <subfield code="4">0</subfield>
   <subfield code="6">621_387000000000000_ALI_2003</subfield>
   <subfield code="7">0</subfield>
   <subfield code="8">NFIC</subfield>
   <subfield code="9">4506</subfield>
   <subfield code="a">BRACUL</subfield>
   <subfield code="b">BRACUL</subfield>
   <subfield code="c">GEN</subfield>
   <subfield code="d">2009-10-17</subfield>
   <subfield code="e">Paragon</subfield>
   <subfield code="g">447.00</subfield>
   <subfield code="l">0</subfield>
   <subfield code="o">621.387 ALI</subfield>
   <subfield code="p">3010019442</subfield>
   <subfield code="r">2009-10-19</subfield>
   <subfield code="t">2</subfield>
   <subfield code="w">2009-10-19</subfield>
   <subfield code="y">BK</subfield>
  </datafield>
  <datafield tag="952" ind1=" " ind2=" ">
   <subfield code="0">0</subfield>
   <subfield code="1">4</subfield>
   <subfield code="2">ddc</subfield>
   <subfield code="4">0</subfield>
   <subfield code="6">621_387000000000000_ALI</subfield>
   <subfield code="7">0</subfield>
   <subfield code="9">8097</subfield>
   <subfield code="a">BRACUL</subfield>
   <subfield code="b">BRACUL</subfield>
   <subfield code="c">GEN</subfield>
   <subfield code="d">2010-02-15</subfield>
   <subfield code="l">0</subfield>
   <subfield code="o">621.387 ALI</subfield>
   <subfield code="p">3010019781</subfield>
   <subfield code="r">2010-02-15</subfield>
   <subfield code="t">3</subfield>
   <subfield code="w">2010-02-15</subfield>
   <subfield code="y">BK</subfield>
   <subfield code="x">Koha Inventory 2020</subfield>
  </datafield>
  <datafield tag="952" ind1=" " ind2=" ">
   <subfield code="0">0</subfield>
   <subfield code="1">0</subfield>
   <subfield code="2">ddc</subfield>
   <subfield code="4">0</subfield>
   <subfield code="6">621_387000000000000_ALI_2003</subfield>
   <subfield code="7">0</subfield>
   <subfield code="9">10799</subfield>
   <subfield code="a">BRACUL</subfield>
   <subfield code="b">BRACUL</subfield>
   <subfield code="c">GEN</subfield>
   <subfield code="d">2010-06-09</subfield>
   <subfield code="l">0</subfield>
   <subfield code="o">621.387 ALI</subfield>
   <subfield code="p">3010013855</subfield>
   <subfield code="r">2010-06-09</subfield>
   <subfield code="t">4</subfield>
   <subfield code="w">2010-06-09</subfield>
   <subfield code="y">BK</subfield>
  </datafield>
  <datafield tag="952" ind1=" " ind2=" ">
   <subfield code="0">0</subfield>
   <subfield code="1">0</subfield>
   <subfield code="2">ddc</subfield>
   <subfield code="4">0</subfield>
   <subfield code="6">621_387000000000000_ALI_2003</subfield>
   <subfield code="7">0</subfield>
   <subfield code="9">10800</subfield>
   <subfield code="a">BRACUL</subfield>
   <subfield code="b">BRACUL</subfield>
   <subfield code="c">GEN</subfield>
   <subfield code="d">2010-06-09</subfield>
   <subfield code="l">0</subfield>
   <subfield code="o">621.387 ALI</subfield>
   <subfield code="p">3010013854</subfield>
   <subfield code="r">2010-06-09</subfield>
   <subfield code="t">5</subfield>
   <subfield code="w">2010-06-09</subfield>
   <subfield code="y">BK</subfield>
  </datafield>
  <datafield tag="952" ind1=" " ind2=" ">
   <subfield code="0">0</subfield>
   <subfield code="1">0</subfield>
   <subfield code="2">ddc</subfield>
   <subfield code="4">0</subfield>
   <subfield code="6">621_387000000000000_ALI_1998</subfield>
   <subfield code="7">0</subfield>
   <subfield code="9">10824</subfield>
   <subfield code="a">BRACUL</subfield>
   <subfield code="b">BRACUL</subfield>
   <subfield code="c">GEN</subfield>
   <subfield code="d">2010-06-09</subfield>
   <subfield code="l">0</subfield>
   <subfield code="o">621.387 ALI</subfield>
   <subfield code="p">3010007852</subfield>
   <subfield code="r">2010-06-09</subfield>
   <subfield code="t">6</subfield>
   <subfield code="w">2010-06-09</subfield>
   <subfield code="y">BK</subfield>
  </datafield>
  <datafield tag="952" ind1=" " ind2=" ">
   <subfield code="0">0</subfield>
   <subfield code="1">0</subfield>
   <subfield code="2">ddc</subfield>
   <subfield code="4">0</subfield>
   <subfield code="6">621_387000000000000_ALI_1998</subfield>
   <subfield code="7">0</subfield>
   <subfield code="9">10836</subfield>
   <subfield code="a">BRACUL</subfield>
   <subfield code="b">BRACUL</subfield>
   <subfield code="c">GEN</subfield>
   <subfield code="d">2010-06-10</subfield>
   <subfield code="l">0</subfield>
   <subfield code="o">621.387 ALI</subfield>
   <subfield code="p">3010007851</subfield>
   <subfield code="r">2010-06-10</subfield>
   <subfield code="t">7</subfield>
   <subfield code="w">2010-06-10</subfield>
   <subfield code="y">BK</subfield>
  </datafield>
  <datafield tag="952" ind1=" " ind2=" ">
   <subfield code="0">0</subfield>
   <subfield code="1">0</subfield>
   <subfield code="2">ddc</subfield>
   <subfield code="4">0</subfield>
   <subfield code="6">621_387000000000000_ALI</subfield>
   <subfield code="7">0</subfield>
   <subfield code="9">14214</subfield>
   <subfield code="a">BRACUL</subfield>
   <subfield code="b">BRACUL</subfield>
   <subfield code="c">GEN</subfield>
   <subfield code="d">2011-01-27</subfield>
   <subfield code="l">2</subfield>
   <subfield code="o">621.387 ALI</subfield>
   <subfield code="p">3010013851</subfield>
   <subfield code="r">2011-04-06</subfield>
   <subfield code="s">2011-02-01</subfield>
   <subfield code="t">8</subfield>
   <subfield code="w">2011-01-27</subfield>
   <subfield code="y">BK</subfield>
  </datafield>
 </record>
</collection>
